Longest-tenured MLB Managers - Statistics

General Stats
  • This quiz has been taken 38 times
    32 since last reset
  • The average score is 5 of 10
Answer Stats
Manager Since Answer % Correct
October 27, 2006 Bruce Bochy
82%
October 6, 2012 Terry Francona
64%
May 13, 2010 Ned Yost
61%
November 3, 2014 Joe Maddon
46%
September 29, 2014 A.J. Hinch
43%
June 9, 2011 Bob Melvin
36%
May 4, 2015 Craig Counsell
36%
December 5, 2014 Kevin Cash
36%
October 23, 2015 Scott Servais
25%
November 14, 2010 Clint Hurdle
21%
No matching quizzes found
Score Distribution
Percent of People with Each Score
Percentile by Number Answered
Your Score History
You have not taken this quiz since the last reset